UEFA Euro 2016 Teams - Statistics

General Stats
  • This quiz has been taken 227 times
  • The average score is 19 of 24
Answer Stats
Team Group % Correct
France A
96%
Portugal F
93%
England B
92%
Germany C
92%
Spain D
92%
Italy E
90%
Sweden E
89%
Poland C
87%
Russia B
87%
Switzerland A
86%
Belgium E
84%
Wales B
84%
Iceland F
81%
Croatia D
80%
Turkey D
77%
Austria F
76%
Hungary F
76%
Ukraine C
76%
Slovakia B
72%
Romania A
70%
Northern Ireland C
69%
Albania A
66%
Czech Republic D
66%
Republic of Ireland E
66%
No matching quizzes found
Score Distribution
Percent of People with Each Score
Percentile by Number Answered
Your Score History
You have not taken this quiz